The Age of AI : (Record no. 21568)
[ view plain ]
| 000 -LEADER | |
|---|---|
| fixed length control field | 00738nam a22002177a 4500 |
| 003 - CONTROL NUMBER IDENTIFIER | |
| control field | OSt |
| 008 - FIXED-LENGTH DATA ELEMENTS--GENERAL INFORMATION | |
| fixed length control field | 260305b2021 |||||||| |||| 00| 0 eng d |
| 020 ## - INTERNATIONAL STANDARD BOOK NUMBER | |
| International Standard Book Number | 9781529375992 |
| 082 ## - DEWEY DECIMAL CLASSIFICATION NUMBER | |
| Classification number | 303.4834 |
| Item number | KIS-A |
| 100 ## - MAIN ENTRY--PERSONAL NAME | |
| Personal name | Kissinger, Henry A. |
| 245 ## - TITLE STATEMENT | |
| Title | The Age of AI : |
| Remainder of title | and our human future / |
| Statement of responsibility, etc | Henry A. Kissinger, Eric Schmidt and Daniel Huttenlocher |
| 260 ## - PUBLICATION, DISTRIBUTION, ETC. (IMPRINT) | |
| Place of publication, distribution, etc | London : |
| Name of publisher, distributor, etc | John Murray, |
| Date of publication, distribution, etc | 2021. |
| 300 ## - PHYSICAL DESCRIPTION | |
| Extent / Pages | 266 p. ; |
| 650 ## - SUBJECT ADDED ENTRY--TOPICAL TERM | |
| Topical term or geographic name as entry element | Artificial intelligence Social aspects |
| 650 ## - SUBJECT ADDED ENTRY--TOPICAL TERM | |
| Topical term or geographic name as entry element | Artificial intelligence Political aspects |
| 650 ## - SUBJECT ADDED ENTRY--TOPICAL TERM | |
| Topical term or geographic name as entry element | Technology and civilization |
| 650 ## - SUBJECT ADDED ENTRY--TOPICAL TERM | |
| Topical term or geographic name as entry element | International relations Technological innovations |
| 650 ## - SUBJECT ADDED ENTRY--TOPICAL TERM | |
| Topical term or geographic name as entry element | Ethics of artificial intelligence |
| 650 ## - SUBJECT ADDED ENTRY--TOPICAL TERM | |
| Topical term or geographic name as entry element | Future of society |
| 942 ## - ADDED ENTRY ELEMENTS (KOHA) | |
| Source of classification or shelving scheme | |
| Koha item type | Books |
| Withdrawn status | Lost status | Source of classification or shelving scheme | Damaged status | Not for loan | Home library | Current library | Date acquired | Source of acquisition | Currency | Cost, normal purchase price | Full call number | Barcode | Date last seen | Copy number | Bill Date | Koha item type | Bill Number |
|---|---|---|---|---|---|---|---|---|---|---|---|---|---|---|---|---|---|
| SOBD Library | SOBD Library | 17/02/2026 | All India Book House | INR | 599.00 | 303.4834 KIS-A1 | 008312 | 05/03/2026 | 1 | 17/02/2026 | Reference Books | NA/IN/1929 | |||||
| SOBD Library | SOBD Library | 17/02/2026 | All India Book House | INR | 599.00 | 303.4834 KIS-A2 | 008313 | 05/03/2026 | 2 | 17/02/2026 | Books | NA/IN/1929 | |||||
| SOBD Library | SOBD Library | 17/02/2026 | All India Book House | INR | 599.00 | 303.4834 KIS-A3 | 008314 | 05/03/2026 | 3 | 17/02/2026 | Books | NA/IN/1929 |